banner-ar

الريف المصرى : (Record no. 65588)

MARC details
000 -الفاتح
حقل البيانات ثابتة الطول 00881nam a22002177a 4500
005 - وقت وتاريخ اخر تعامل مع التسجيلة
رقم الضبط 20240530110832.0
008 - عناصر البيانات ثابتة الطول - معلومات عامة
حقل البيانات ثابتة الطول 190924s2003 ua a f 000 0 ara d
017 ## - رقم الايداع القانونى
رقم الايداع القانونى 2004/4199
المصدر ( الهيئة المختصة) مصر. دار الكتب
040 ## - مصدر الفهرسة
وكالة الفهرسة الأصلية EG-CaGPL
وكالة النسخ EG-CaGPL
082 04 - رقم تصنيف ديوى العشرى
رقم الطبعة 21
رقم التصنيف 307.72
رقم المادة ق/ل ر
110 0# - المدخل الرئيسى - إسم هيئة
اسم الهيئة أو اسم السلطة كمدخل المجلس الاعلى للثقافة ، لجنة الجغرافيا
245 12 - بيان العنوان
العنوان الريف المصرى :
بقية العنوان حاضرة ومستقبله /
بيان المسئوليه,etc لجنة الجغرافيا بالمجلس الاعلى للثقافة
260 ## - PUBLICATION, DISTRIBUTION, ETC. (IMPRINT)
تاريخ النشر أو التوزيع 2003
300 ## - الوصف المادى
التعداد 703 ص. :
تفاصيل ماديه اخرى للوعاء ايض.؛
أبعاد الوعاء 24 سم
650 07 - المدخل الاضافى بالموضوع-مصطلح موضوعى
مصدر الرأس أو المصطلح qrmak
مصطلح موضوعي الحياة الريفية
التقسيم الفرعي الجغرافي مصر
650 07 - المدخل الاضافى بالموضوع-مصطلح موضوعى
مصطلح موضوعي التوطين
650 07 - المدخل الاضافى بالموضوع-مصطلح موضوعى
مصطلح موضوعي البدو
التقسيم الفرعي الشكلي الحياة الريفية
التقسيم الفرعي الزمني مصر
651 ## - المدخل الاضافى بالموضوع - اسم جغرافى
مصدر الرأس أو المصطلح qrmak
942 ## - عناصر المدخل الإضافي( كوها)
مصدر التصنيف او مخطط الترفيف Dewey Decimal Classification
Koha [default] item type كتاب
260 ## - PUBLICATION, DISTRIBUTION, ETC. (IMPRINT)
-- القاهرة :
-- المجلس الاعلى للثقافة،
Holdings
حالة التراجع حالة الفقد حالة تلف ليس للاعارة المكان المؤقت الموقع الحالى موقع الترفيف تاريخ الاكتساب اجمالي اﻻعارات رقم الطلب الباركود تاريخ اخر مشاهدة تاريخ تفعيل السعر نوع وعاء كوها
        مكتبة القاهرة الكبرى مكتبة القاهرة الكبرى   09/24/2019   307.72 ق/ل ر 166505 09/24/2019 09/24/2019 كتاب

Powered By

EGPV